| 000 | 01930cam a2200385 4500 | ||
|---|---|---|---|
| 001 | J117078 | ||
| 008 | 020311n2002 000 0 eng u | ||
| 035 | _a(Sirsi) u117078 | ||
| 050 | _a692.8 | ||
| 110 |
_aJoint Contracts Tribunal _93664 |
||
| 240 | _aGN (CM) 02 | ||
| 245 | _aGuide to construction management documentation | ||
| 260 |
_aLondon _bRIBA _c2002 |
||
| 300 |
_a32p. _c30cm |
||
| 350 | _a13 | ||
| 490 | _aJCT Construction Management Documentation | ||
| 490 | _aJCT Standard Form of Construction Management Documentation 2002 Edition | ||
| 520 | _aProvides guidance on the use of the 2002 edition of the "Standard form of construction management documentation": "Agreement (C/CM): client and construction manager"; "Trade contract (TC/C): for use with the JCT client and construction manager agreement"; "Fluctuations: fluctuation clauses for use with the Trade contract (TC/C); "TC/T: Parts 1 and 2. Part 1: Invitation to tender to a trade contractor. Part 2: Tender by a trade contractor"; "CWa/P&T: for use where a warranty is to be given by a trade contractor to a purchaser or tenant of a building project"; "TCWa/F: for use where a warranty is to be given by a trade contractor to a company providing finance (funder) for a building project". | ||
| 650 | _aCM02 | ||
| 650 | _aBUILT ENVIRONMENT-BUILDING CONTRACT FORMS | ||
| 650 |
_aCONSTRUCTION MANAGEMENT _96230 |
||
| 650 | _aCONSTRUCTION MANAGEMENT DOCUMENTATION | ||
| 650 | _aC/CM 2002 | ||
| 650 | _aFLUCTUATIONS | ||
| 650 | _aBUILT ENVIRONMENT-BUILDING CONTRACT FORMS-STANDARD FORMS OF BUILDING CONTRACT-JOINT CONTRACTS TRIBNUAL CONTRACTS | ||
| 650 | _aJCT STANDARD FORM OF CONSTRUCTION MANAGEMENT DOCUMENTATION | ||
| 650 | _aTC/C 2002 | ||
| 650 | _aTC/T | ||
| 650 | _aTC/T PART 1 | ||
| 650 | _aTC/T PART 2 | ||
| 650 | _aTCWA/P&T | ||
| 650 | _aTCWA/F | ||
| 690 | _aBUILT ENVIRONMENT-BUILDING CONTRACT FORMS | ||
| 942 | _n0 | ||
| 999 |
_c101939 _d101939 |
||